000 00579nam a2200181 a 4500
008 120416s1968 xx |||||||||||||| || u
050 _aQH 581 Lan
100 _aLangley, L. L
245 1 0 _aCell function
250 _a2nd ed.
260 _a
_bReinhold Pub. Corp
_c1968
300 _axiii, 364p. : ill
350 _a0.00
650 _aBIOLOGY: ASPECTS OF LIVING CELL
650 _aECOLOGY
650 2 _aCELL BIOLOGY
995 _D0.00
_FCBU-MAIN LIBRARY (Kitwe)
_H1
_I5.80
_M1
_UAVAILABLE
_ZMain Library Open Access Collection
999 _c36930
_d36930